| 000 | 00560nam a22001817a 4500 | ||
|---|---|---|---|
| 005 | 20240111063954.0 | ||
| 008 | 240111b |||||||| |||| 00| 0 eng d | ||
| 020 | _a0702121762 | ||
| 041 | _aEnglish | ||
| 082 | _a346.7 MAR | ||
| 100 |
_aDa le Ray, E _lEnglish |
||
| 245 |
_aMars : The Law of Insolvency in South Africa / _cE Da le Ray |
||
| 250 | _aEighth Edition | ||
| 260 |
_aCape Town : _bJuta and Company Ltd, _c1988 |
||
| 300 |
_blxxiv, 750 pages ; _c26 cm. |
||
| 650 |
_aLegal practice _bLaw |
||
| 942 |
_cBK _6ALISON_BN_VRIES |
||
| 999 |
_c1222 _d1222 |
||